Statistics for US Metro Area Names

Click here to take the quiz!

General Stats

  • This quiz has been taken 30 times
    (17 since last reset)
  • The average score is 10 of 18

Answer Stats

Metro NamePrimary City% Correct
Valley of the SunPhoenix
100%
Bay AreaSan Francisco
100%
Twin CitiesMinneapolis
94%
Tri-State AreaNew York
94%
Delaware ValleyPhiladelphia
81%
Research TriangleRaleigh
81%
Inland EmpireRiverside
81%
Hampton RoadsVirginia Beach
63%
DMVWashington
63%
MetrolinaCharlotte
56%
Gold CoastMiami
56%
Piedmont TriadGreensboro
44%
First CoastJacksonville
38%
Wasatch FrontSalt Lake City
31%
CapitalandAlbany
19%
UpcountryGreenville
19%
TiguexAlbuquerque
13%
Tri-County AreaMiami
13%

Score Distribution

Percentile by Number Answered

Percent of People with Each Score

Your Score History

You have not taken this quiz since the last reset